| Tag |
First Indicator |
Second Indicator |
Subfields |
| LEADER |
00000cgm a2200000 a 4500 |
| 001 |
in00000015470 |
| 005 |
20151007053054.0 |
| 008 |
890417q19801988dcu062|e||||| 0vleng d |
| 035 |
|
|
|a (OCoLC)19559588
|
| 035 |
|
|
|9 AAB0301AM
|
| 040 |
|
|
|a DGU
|c DGU
|d TXA
|d UtOrBLW
|
| 043 |
|
|
|a n-us---
|
| 049 |
|
|
|a TXAV
|c [A10162013]
|
| 050 |
|
4 |
|a HV530
|b .C37 1980
|
| 245 |
0 |
0 |
|a Catholic social teaching :
|b its challenge to the economy /
|c produced by Lou Niznik & Tom Massaro.
|
| 264 |
|
1 |
|a Washington, D.C. :
|b Center of Concern,
|c [between 1980 and 1989?]
|
| 300 |
|
|
|a 1 videocassette (approximately 62 min.) :
|b sound, color ;
|c 1/2 in. + e study guide.
|
| 336 |
|
|
|a two-dimensional moving image
|b tdi
|2 rdacontent
|
| 337 |
|
|
|a video
|b v
|2 rdamedia
|
| 338 |
|
|
|a videocassette
|b vf
|2 rdacarrier
|
| 500 |
|
|
|a VHS format.
|
| 511 |
1 |
|
|a Jane Blewett, Phil Land,S.J. & Peter Henroit,S.J.
|
| 520 |
|
|
|a Discusses the Catholic Social Teaching Center for Concern, involvement with the structure of society. The Center is concerned with providing for and attending to the needs of the poor based on the economy.
|
| 505 |
0 |
|
|a Introduction / Jane Blewett -- The evolution of Catholic social teaching / Phil Land, S.J. -- Themes and questions of Catholic social teaching / Peter Henriot, S.J.
|
| 500 |
|
|
|a Videorecording.
|
| 651 |
|
0 |
|a United States
|x Economic policy.
|
| 650 |
|
0 |
|a Church and social problems
|x Catholic Church.
|
| 650 |
|
0 |
|a Church work with the poor.
|
| 700 |
1 |
|
|a Henriot, Peter J.
|
| 700 |
1 |
|
|a Blewett, Jane.
|
| 700 |
1 |
|
|a Land, Philip S.
|
| 700 |
1 |
|
|a Niznik, Lou.
|
| 700 |
1 |
|
|a Massaro, Tom.
|
| 710 |
2 |
|
|a Center of Concern (Washington, D.C.)
|
| 999 |
|
|
|a MARS
|
| 999 |
f |
f |
|s d030f943-810f-33bc-a728-9afb27a3d7b3
|i cf4229bd-b074-3c29-b1de-1f252dc4163e
|t 0
|
| 952 |
f |
f |
|p ric
|a Texas A&M University
|b Rellis Campus
|c Joint Library Facility
|d Remote Storage
|t 0
|e HV530 .C37 1980
|h Library of Congress classification
|i video -- videocassette
|m A14826969766
|
| 998 |
f |
f |
|a HV530 .C37 1980
|t 0
|l Remote Storage
|